| 000 | 00702nam a22001817a 4500 | ||
|---|---|---|---|
| 003 | UA-OsUOA | ||
| 001 | 18789 | ||
| 007 | ta | ||
| 008 | 20040612b un ||||| |||| 00| 0 ukr d | ||
| 100 | _aПогонська В. | ||
| 942 | _cSA | ||
| 040 |
_aUA-OsUOA _cUA-OsUOA _dUA-OsUOA |
||
| 245 |
_aПриречена на неспокій , доки серце гаряче б'ється _b[Про деп. міськ. ради , дільнич. лікаря поліклініки "Північна" м.Рівне Г.І.Москаленко] |
||
| 300 | _aС.3 | ||
| 955 | _a0 | ||
| 773 | 0 |
_w0 _tСім днів _dРівне _d2004 _g№23/4 черв./ |
|
| 650 | 7 |
_aКраєзнавча робота _2UDC |
|
| 999 |
_c304960 _d304960 |
||